000
00388nam a22001697a 4500
003
MPLRDC
005
20220104124359.0
008
210129b ||||| |||| 00| 0 eng d
082
_a
854.6 CWY
100
_a
常望云等著
245
_a
魔
_c
250
_a
再版
260
_a
_b
友联出版社
_c
1956
300
_b
平
650
_a
剧本--话剧剧本
942
_c
BK
_o
854.6 CWY
999
_c
18882
_d
18872